000 00588nam a22001937a 4500
999 _c8096
_d8096
003 BD-JhCC
005 20180218140036.0
008 180218b1973 bg ||||| |||| 00| 0 ben d
035 _a(BD-JhCC)
040 _aBD-JhCC
_dBD-JhCC
041 _aben
082 _a769.33264
_b1973
100 _aআলী, শেখ মোহাম্মদ সাহেব
245 _aফুটবলের নায়ক হতে হলে /
_c শেখ মোহাম্মদ সাহেব আলী
300 _a104 p. :
_c23 cm.
650 _aFootball
942 _2ddc
_cBK